Statistics for Authoritarian Regimes of 2018

Click here to take the quiz!

General Stats

  • This quiz has been taken 5 times
  • The average score is 37 of 53

Answer Stats

Answer% Correct
China
100%
Eritrea
100%
Iran
100%
North Korea
100%
Russia
100%
Sudan
100%
Venezuela
100%
Zimbabwe
100%
Azerbaijan
80%
Bahrain
80%
Chad
80%
Djibouti
80%
Egypt
80%
eSwatini
80%
Ethiopia
80%
Jordan
80%
Kazakhstan
80%
Nicaragua
80%
Oman
80%
Qatar
80%
Rwanda
80%
Saudi Arabia
80%
Syria
80%
United Arab Emirates
80%
Uzbekistan
80%
Algeria
60%
Belarus
60%
Burundi
60%
Cambodia
60%
Central African Republic
60%
Cuba
60%
Democratic Republic of the Congo
60%
Equatorial Guinea
60%
Guinea
60%
Guinea-Bissau
60%
Kuwait
60%
Laos
60%
Libya
60%
Mauritania
60%
Myanmar
60%
Niger
60%
Republic of the Congo
60%
Tajikistan
60%
Togo
60%
Turkmenistan
60%
Vietnam
60%
Yemen
60%
Afghanistan
40%
Angola
40%
Cameroon
40%
Comoros
40%
Gabon
20%
Mozambique
20%

Score Distribution

Percentile by Number Answered

Percent of People with Each Score

Your Score History

You have not taken this quiz